000 00208nam a22000857a 4500
008 161201b xxu||||| |||| 00| 0 eng d
100 _91699
_aKumarA.G
245 _aFeet problems
260 _aNew Delhi
_bN.D CBT
_c2007
999 _c4412
_d4412